[Event "Nordstrand GP C"]
[Site "Oslo"]
[Date "2018.04.21"]
[Round "3"]
[White "Amundsen, Ask"]
[Black "Brentebraten, Tom"]
[Result "0-1"]
[WhiteElo "1325"]
[BlackElo "1394"]
[PlyCount "52"]
[EventDate "2018.04.20"]
[EventType "swiss"]
[EventRounds "5"]
[EventCountry "NOR"]
[SourceTitle "EXT 2024"]
[Source "ChessBase"]
[SourceDate "2023.10.10"]
[SourceVersion "1"]
[SourceVersionDate "2023.10.10"]
[SourceQuality "1"]

1. e4 c6 2. d4 d5 3. Nc3 dxe4 4. Nxe4 Bf5 5. Ng3 Bg6 6. h4 h6 7. Nh3 e6 8. Bc4 Nf6 9. 0-0 Be7 10. Nf4 Bh7 11. c3 0-0 12. Qb3 Qb6 13. Re1 Qxb3 14. Bxb3 Re8 15. h5 Nbd7 16. Bd2 b5 17. Re2 c5 18. c4 cxd4 19. cxb5 e5 20. Ng6 Bc5 21. Rae1 d3 22. Bxh6 dxe2 23. Bxg7 Bxg6 24. Bxf6 Bd3 25. Bg5 Bxb5 26. h6 Bb4 0-1